000 00216nam a2200097Ia 4500
005 20251222114413.0
008 251222s1900||||xx |||||||||||||| ||spa||
082 _aDVD0050/A15/2011/BR
245 0 _aSuper 8:
942 _cDVD
999 _c2096
_d2096